Central Library OPAC University of Rajshahi

History of ancient geography / (Record no. 54764)

MARC details
000 -LEADER
fixed length control field 00665nam a2200229 a 4500
001 - CONTROL NUMBER
control field 54764
003 - CONTROL NUMBER IDENTIFIER
rucl marc code BD-RjUL
005 - DATE AND TIME OF LATEST TRANSACTION
control field 20211209080151.0
008 - FIXED-LENGTH DATA ELEMENTS--GENERAL INFORMATION
fixed length control field 161120s1948 enkafb b 001 0 eng d
035 ## - SYSTEM CONTROL NUMBER
System control number (BD-RjUL)
040 ## - CATALOGING SOURCE
Original cataloging agency BD-RjUL
Language of cataloging eng
Transcribing agency BD-RjUL
Modifying agency BD-RjUL
041 ## - LANGUAGE CODE
Language code of text/sound track or separate title eng
082 ## - DEWEY DECIMAL CLASSIFICATION NUMBER
Edition number 23
Author mark and year THH 1948
Classification number 910
100 1# - MAIN ENTRY--PERSONAL NAME
Personal name Thomson, J. Oliver
Fuller form of name (James Oliver)
9 (RLIN) 163277
245 10 - TITLE STATEMENT
Title History of ancient geography /
Statement of responsibility, etc. J. Oliver Thomson.
260 ## - PUBLICATION, DISTRIBUTION, ETC. (IMPRINT)
Place of publication, distribution, etc. Great britain :
Name of publisher, distributor, etc. Cambridge University Press,
Date of publication, distribution, etc. 1948.
300 ## - PHYSICAL DESCRIPTION
Pagination x, 427 p. :
Illustrations ill. ;
Size 25 cm.
500 ## - GENERAL NOTE
General note Includes index.
650 #0 - SUBJECT ADDED ENTRY--TOPICAL TERM
Topical term or geographic name as entry element Geography
General subdivision History.
9 (RLIN) 163278
942 ## - ADDED ENTRY ELEMENTS (KOHA)
Source of classification or shelving scheme Dewey Decimal Classification
Koha item type Books
Holdings
Lost status Source of classification or shelving scheme Damaged status Not for loan Collection code Permanent Location Current Location Shelving location Date acquired Source of acquisition Cost, normal purchase price Total Checkouts Full call number Date last seen Copy number Koha item type
  Dewey Decimal Classification     Non-fiction Central Library, University of Rajshahi Central Library, University of Rajshahi   30/03/1961 Lahore mirza book 47025.00   910 THH 1948 10/11/2016 C-2 Books
  Dewey Decimal Classification   Not For Loan Non-fiction Central Library, University of Rajshahi Central Library, University of Rajshahi Reading Room 07/03/1956 B.H. Blackwell 2.15   910 THH 1948 04/05/2017 C-1 Books